00573nam a2200181Ia 4500008004100000084001400041100002200055245006100077250002000138260001800158260000900176260001500185300000900200500003500209942000700244999001700251952012300268180424s9999 xx 000 0 und d a70.415 T2 a"Triuble, John R" 0aWriting With Style : Conversations on the Art of Writing a\\197500ENGGPSX aPrentice Hall b1975 cNew Jersey a144p aincludes index and biblioraphy cBK c44515d44515 00104070aPSGbPSGcAW ROW 1 RACK 3 SHELF 1d2018-04-25l0o70.415 T2p52733r2018-04-25 00:00:00t0w2018-04-25yBK